| 000 | 00429nam a2200133Ia 4500 | ||
|---|---|---|---|
| 008 | 250506s9999 xx 000 0 und d | ||
| 024 | _a11B-68-BS, 11B-56-BS &11B-11-BS | ||
| 082 | _a005.072 SYE | ||
| 100 | _aSyed Muzammil Ahmed, Syed Ahsan Ali & Mehwish Shahnawaz | ||
| 245 | 0 | _aCipher App (Android Application) | |
| 260 |
_aKarachi: _bUIT, _c2011 |
||
| 600 | _aComputer Science | ||
| 650 | _aBachelor of Computer Science (BS) | ||
| 999 |
_c27566 _d27566 |
||